[Event "Politiken Cup 2013"]
[Site "Helsingør "]
[Date "2013.07.28"]
[Round "3.62"]
[White "Brorsen, Jacob Abildlund"]
[Black "Philipsen, William Horup"]
[Result "1-0"]
[WhiteElo "2142"]
[BlackElo "1922"]
[PlyCount "79"]
[EventDate "2013.07.27"]

1. d4 d5 2. c4 e5 3. dxe5 d4 4. Nf3 Nc6 5. Bf4 Nge7 6. a3 Ng6 7. Bg3 Be6 8.
Nbd2 Qd7 9. Rc1 Be7 10. b4 f6 11. exf6 Bxf6 12. Ne4 Be7 13. Qa4 Bf5 14. Ned2
Bf6 15. Qb3 O-O 16. b5 Nce5 17. c5+ Kh8 18. Bxe5 Nxe5 19. g3 Rae8 20. Nxe5 Rxe5
21. Bg2 Bg4 22. f3 Re3 23. Qb4 Rfe8 24. O-O Bf5 25. Rf2 d3 26. exd3 Bxd3 27.
Nf1 Bd4 28. Kh1 R3e5 29. Rd2 Be3 30. Nxe3 Rxe3 31. Rb2 Qd5 32. Rf2 Be2 33. Kg1
Bxf3 34. Rcf1 Rf8 35. c6 Rf6 36. cxb7 Qxb7 37. Qd4 Qe4 38. Qd8+ Qe8 39. Qxe8+
Rxe8 40. Rxf3 1-0

[Event "Politiken Cup 2013"]
[Site "Helsingør "]
[Date "2013.07.28"]
[Round "3.63"]
[White "Klitgaard, Ebbe"]
[Black "Kristensen, Kjell Ole"]
[Result "0-1"]
[WhiteElo "1935"]
[BlackElo "2141"]
[PlyCount "72"]
[EventDate "2013.07.27"]

1. c4 e5 2. Nc3 Nc6 3. g3 g6 4. Bg2 Bg7 5. e3 Nge7 6. Nge2 O-O 7. O-O d6 8. d4
a6 9. d5 Nb8 10. f4 Nd7 11. e4 f5 12. Be3 fxe4 13. Nxe4 Nf5 14. Bf2 exf4 15.
Nxf4 Ne5 16. Qb3 Ng4 17. Kh1 Nxf2+ 18. Rxf2 Nd4 19. Qd1 Qe7 20. Qd2 Bf5 21. Nc3
Rae8 22. Nfe2 Nc2 23. Rg1 Ne3 24. Nd4 Nxc4 25. Nxf5 Rxf5 26. Qc2 Ne3 27. Qe2
Ng4 28. Qxg4 Rxf2 29. Qb4 b5 30. Bh3 Bxc3 31. Qxc3 Qe2 32. Bg2 Rxg2 33. Rxg2
Qd1+ 34. Rg1 Qxd5+ 35. Rg2 Re2 36. Qb3 Re1# 0-1

[Event "Politiken Cup 2013"]
[Site "Helsingør "]
[Date "2013.07.28"]
[Round "3.54"]
[White "Willumsen, Henrik"]
[Black "Garberg, Tore"]
[Result "0-1"]
[WhiteElo "2127"]
[BlackElo "1914"]
[PlyCount "88"]
[EventDate "2013.07.27"]

1. e4 c5 2. Nf3 e6 3. b3 Qc7 4. Bb2 Nc6 5. g3 d6 6. Bg2 Nf6 7. Nc3 a6 8. a4 Be7
9. O-O O-O 10. d4 cxd4 11. Nxd4 Rd8 12. Nxc6 bxc6 13. a5 e5 14. h3 Be6 15. f4
d5 16. fxe5 Qxe5 17. exd5 Qxg3 18. Rf3 Qg6 19. dxe6 Rxd1+ 20. Rxd1 fxe6 21.
Rfd3 Nd5 22. Nxd5 exd5 23. Kh1 Rf8 24. Be5 Bf6 25. Bd6 Re8 26. c4 Re1+ 27. Rxe1
Qxd3 28. cxd5 cxd5 29. b4 g6 30. Bc5 Kg7 31. Re6 Qd1+ 32. Kh2 Kf7 33. Re3 d4
34. Rf3 Ke6 35. Rf1 Be5+ 36. Kh1 Qe2 37. Kg1 Qe3+ 38. Kh1 Qe2 39. Kg1 d3 40. h4
d2 41. Bh3+ Kd5 42. Bg2+ Kc4 43. Rf2 Qxf2+ 44. Kxf2 d1=Q 0-1

[Event "Politiken Cup 2013"]
[Site "Helsingør "]
[Date "2013.07.28"]
[Round "3.65"]
[White "Kristensen, Bjarke Hautop"]
[Black "Lofgren, Claes"]
[Result "1/2-1/2"]
[WhiteElo "1921"]
[BlackElo "2127"]
[PlyCount "82"]
[EventDate "2013.07.27"]

1. c4 e5 2. g3 Nc6 3. Nc3 g6 4. Bg2 Bg7 5. e3 Nge7 6. Nge2 O-O 7. O-O d6 8. b3
Bd7 9. Bb2 Qc8 10. Re1 f5 11. d4 g5 12. dxe5 dxe5 13. f4 gxf4 14. exf4 e4 15.
a3 Be6 16. Qc2 Nd4 17. Nxd4 Bxd4+ 18. Kh1 c5 19. Rad1 Nc6 20. Ne2 Rd8 21. Bh3
Qc7 22. Nc3 Qf7 23. Bf1 Qg7 24. Bh3 Re8 25. Re2 Rad8 26. Red2 Rd7 27. Kg2 Qf6
28. Kh1 Red8 29. Bg2 h5 30. h4 Bxc3 31. Rxd7 Bxb2 32. Rxd8+ Nxd8 33. Rxd8+ Qxd8
34. Qxb2 Qd4 35. Qe2 Bf7 36. Kh2 Kg7 37. Qc2 Kf6 38. Bf1 Be8 39. Be2 Qf2+ 40.
Kh3 Qd4 41. Qd1 Qxd1 1/2-1/2

[Event "Politiken Cup 2013"]
[Site "Helsingør "]
[Date "2013.07.28"]
[Round "3.66"]
[White "Andersen, Daniel"]
[Black "Hansen, Morten Moller"]
[Result "1/2-1/2"]
[WhiteElo "1917"]
[BlackElo "2126"]
[PlyCount "67"]
[EventDate "2013.07.27"]

1. c4 e5 2. Nc3 d6 3. Nf3 f5 4. d4 e4 5. Nd2 Nf6 6. e3 c6 7. b4 Be7 8. Be2 d5
9. Qb3 Be6 10. Ba3 O-O 11. b5 Bxa3 12. Qxa3 Ng4 13. g3 Kh8 14. h3 Nf6 15. bxc6
Nxc6 16. c5 g5 17. h4 Ng4 18. Bxg4 fxg4 19. hxg5 Qxg5 20. Ne2 Qg7 21. Nf4 Rxf4
22. gxf4 g3 23. fxg3 Qxg3+ 24. Kd1 Rg8 25. Qc3 Ne7 26. Kc2 Qf2 27. Raf1 Qe2 28.
Re1 Qf2 29. Kc1 Qg2 30. Ref1 Qe2 31. Re1 Qf2 32. Ref1 Qe2 33. Re1 Qf2 34. Ref1
1/2-1/2

[Event "Politiken Cup 2013"]
[Site "Helsingør "]
[Date "2013.07.28"]
[Round "3.68"]
[White "Helin, Mikael"]
[Black "Ivarsson, Torbjorn"]
[Result "1-0"]
[WhiteElo "1910"]
[BlackElo "2121"]
[PlyCount "135"]
[EventDate "2013.07.27"]

1. e4 e6 2. Nf3 d5 3. e5 c5 4. b4 cxb4 5. a3 Nc6 6. axb4 Bxb4 7. c3 Be7 8. d4
Bd7 9. Bd3 f5 10. h4 Qc7 11. Kf1 a6 12. g4 fxg4 13. Ng5 Nh6 14. Nxh7 O-O-O 15.
Kg2 Kb8 16. Qe2 Na5 17. Ba3 Bxa3 18. Nxa3 Nc4 19. Rhb1 Nf5 20. Nxc4 dxc4 21.
Be4 Bc6 22. Ng5 Nxh4+ 23. Kf1 Nf3 24. Nxf3 gxf3 25. Qxf3 Rdf8 26. Qg2 Bxe4 27.
Qxe4 Ka7 28. Rb2 Rf7 29. Rab1 b5 30. Ra1 Qb7 31. Qxb7+ Kxb7 32. Kg2 Rf5 33.
Rba2 Rg5+ 34. Kf3 Rh3+ 35. Kf4 Rf5+ 36. Kg4 Rxc3 37. Rxa6 Rd3 38. Rxe6 Rxf2 39.
Re7+ Kc6 40. Re6+ Kd5 41. Rd6+ Ke4 42. Re1+ Re3 43. Rxe3+ Kxe3 44. e6 Kd2 45.
Rb6 c3 46. Rxb5 c2 47. Rc5 g6 48. d5 Re2 49. Kg5 c1=Q 50. Rxc1 Kxc1 51. Kf6 g5
52. d6 g4 53. d7 Rd2 54. e7 Rxd7 55. e8=Q Rd3 56. Qe2 Rd2 57. Qc4+ Kd1 58. Kg5
g3 59. Qb3+ Ke1 60. Qxg3+ Rf2 61. Kg4 Kf1 62. Qd3+ Kg1 63. Qd1+ Kg2 64. Qd3 Kg1
65. Qe4 Kh2 66. Qe5+ Kg2 67. Qe1 Rf3 68. Qe4 1-0

[Event "Politiken Cup 2013"]
[Site "Helsingør "]
[Date "2013.07.28"]
[Round "3.70"]
[White "Olofsson-Dolk, Mattis"]
[Black "Wiberg, Jonas"]
[Result "1-0"]
[WhiteElo "2113"]
[BlackElo "1877"]
[PlyCount "75"]
[EventDate "2013.07.27"]

1. e4 c6 2. d4 d5 3. e5 Bf5 4. Nf3 e6 5. Be2 c5 6. Be3 c4 7. O-O h6 8. b3 cxb3
9. axb3 Ne7 10. c4 Nbc6 11. Nc3 Nb4 12. Qd2 Nec6 13. Rfc1 a6 14. c5 Be7 15. Na4
Qc7 16. Nb6 Rd8 17. Ra4 a5 18. Qd1 Bg4 19. Bb5 O-O 20. h3 Bxf3 21. Qxf3 Bg5 22.
Bxg5 hxg5 23. Qe3 Qe7 24. Bxc6 Nxc6 25. Re1 Rfe8 26. f4 gxf4 27. Qxf4 Qf8 28.
Qg4 g6 29. Ra2 Qh6 30. Rf2 Rf8 31. Na4 Nb4 32. Qe2 Qh4 33. Qd2 Nc6 34. Rf4 Qg3
35. Rf3 Qh4 36. Rf4 Qg3 37. Nc3 Ne7 38. Rg4 1-0

[Event "Politiken Cup 2013"]
[Site "Helsingør "]
[Date "2013.07.28"]
[Round "3.64"]
[White "Thybo, Jesper Sondergaard"]
[Black "Bjornes, Leif"]
[Result "1-0"]
[WhiteElo "2097"]
[BlackElo "1918"]
[PlyCount "53"]
[EventDate "2013.07.27"]

1. e4 c6 2. d4 d5 3. Nc3 dxe4 4. Nxe4 Nf6 5. Nxf6+ gxf6 6. c3 Bf5 7. Ne2 Nd7 8.
Ng3 Bg6 9. h4 h5 10. Be2 Qa5 11. O-O O-O-O 12. b4 Qc7 13. a4 e5 14. Be3 Nb6 15.
Bxh5 Kb8 16. Qf3 Nd5 17. Rac1 Nxe3 18. fxe3 e4 19. Qg4 f5 20. Rxf5 Bxf5 21.
Nxf5 Bh6 22. Nxh6 Rxh6 23. Rf1 Rdh8 24. Rxf7 Qd6 25. Qg7 Rxh5 26. Rxb7+ Kc8 27.
Rxa7 1-0

[Event "Politiken Cup 2013"]
[Site "Helsingør "]
[Date "2013.07.28"]
[Round "3.72"]
[White "Molvig, Julius"]
[Black "Thaler, Toni"]
[Result "0-1"]
[WhiteElo "1889"]
[BlackElo "2091"]
[PlyCount "70"]
[EventDate "2013.07.27"]

1. d4 e6 2. c4 b6 3. Nc3 Bb7 4. e4 Bb4 5. Qc2 Qh4 6. Bd3 f5 7. g3 Qh5 8. Be2
Qf7 9. Bf3 Nc6 10. Nge2 fxe4 11. Bxe4 Nf6 12. Bg2 Nxd4 13. Nxd4 Bxg2 14. Rg1
Bb7 15. Be3 Ng4 16. O-O-O Bxc3 17. bxc3 O-O 18. Nb5 d6 19. Rd4 Nxe3 20. fxe3 e5
21. Rh4 g6 22. Qd2 a6 23. Na3 Qf2 24. Rd1 Qxd2+ 25. Rxd2 Rf1+ 26. Kb2 Raf8 27.
Nc2 R8f2 28. Rxf2 Rxf2 29. Kb3 a5 30. Ne1 Kg7 31. Nc2 Bf3 32. Ne1 Bd1+ 33. Ka3
g5 34. Re4 Rf1 35. Nd3 Bf3 0-1

[Event "Politiken Cup 2013"]
[Site "Helsingør "]
[Date "2013.07.28"]
[Round "3.73"]
[White "Hansen, Victor"]
[Black "Strachan, Christian C"]
[Result "1-0"]
[WhiteElo "2089"]
[BlackElo "1873"]
[PlyCount "51"]
[EventDate "2013.07.27"]

1. d4 d5 2. c4 c6 3. Nc3 Nf6 4. Nf3 a6 5. e3 e6 6. Bd3 Nbd7 7. O-O c5 8. b3 b6
9. Bb2 Be7 10. Qc2 Bb7 11. Rad1 Qc7 12. e4 cxd4 13. Nxd4 dxc4 14. Bxc4 Rc8 15.
Qe2 Nc5 16. e5 Nd5 17. Bxd5 exd5 18. Nf5 Rd8 19. Nd6+ Kf8 20. Nxd5 Bxd5 21.
Rxd5 Qd7 22. Qf3 Qe6 23. Rfd1 Bxd6 24. Rxd6 Rxd6 25. Rxd6 Qe8 26. Rxb6 1-0

[Event "Politiken Cup 2013"]
[Site "Helsingør "]
[Date "2013.07.28"]
[Round "3.74"]
[White "Nordin, Eric"]
[Black "Nielsen, Jan Mose"]
[Result "0-1"]
[WhiteElo "1874"]
[BlackElo "2088"]
[PlyCount "76"]
[EventDate "2013.07.27"]

1. e4 e5 2. Nf3 Nc6 3. Bc4 Nf6 4. Ng5 d5 5. exd5 Na5 6. Bb5+ c6 7. dxc6 bxc6 8.
Be2 h6 9. Nf3 e4 10. Ne5 Bc5 11. c3 Qc7 12. d4 exd3 13. Nxd3 Bd6 14. h3 O-O 15.
Nd2 Bf5 16. Nf3 c5 17. b3 Rad8 18. c4 Rfe8 19. Be3 Nc6 20. O-O Nb4 21. Nxb4
Bh2+ 22. Nxh2 Rxd1 23. Raxd1 cxb4 24. Bf3 Be4 25. Rd4 Qa5 26. Ng4 Nxg4 27. Bxe4
Nxe3 28. fxe3 Qxa2 29. Bc6 Qxb3 30. Bxe8 Qxe3+ 31. Kh1 Qxd4 32. Bxf7+ Kh7 33.
Be6 b3 34. Bf5+ g6 35. Be6 b2 36. Rf7+ Kh8 37. Rf8+ Kh7 38. Rf7+ Qg7 0-1

[Event "Politiken Cup 2013"]
[Site "Helsingør "]
[Date "2013.07.28"]
[Round "3.76"]
[White "Johansen, Stian"]
[Black "Alfven, Jorgen"]
[Result "1-0"]
[WhiteElo "2085"]
[BlackElo "1852"]
[PlyCount "55"]
[EventDate "2013.07.27"]

1. d4 d5 2. c4 c6 3. Nc3 e6 4. Nf3 Nf6 5. Bg5 h6 6. Bxf6 Qxf6 7. g3 Nd7 8. Bg2
dxc4 9. O-O Bb4 10. Qc2 Qe7 11. Ne4 b5 12. Ne5 Nxe5 13. dxe5 O-O 14. a3 Bc5 15.
Rad1 Bb7 16. b4 Bb6 17. Nd6 a5 18. a4 axb4 19. axb5 cxb5 20. Bxb7 b3 21. Qe4
Ra2 22. Nxb5 Qb4 23. Nd6 Rc2 24. Ba6 Bc5 25. Bxc4 Bxd6 26. Rd4 Bc5 27. Bd3 Qxd4
28. Qh7# 1-0

[Event "Politiken Cup 2013"]
[Site "Helsingør "]
[Date "2013.07.28"]
[Round "3.77"]
[White "Sjol, Henrik"]
[Black "Andersen, Rune"]
[Result "0-1"]
[WhiteElo "1871"]
[BlackElo "2083"]
[PlyCount "74"]
[EventDate "2013.07.27"]

1. d4 d5 2. Nf3 Nf6 3. e3 Bf5 4. Nbd2 e6 5. c4 c6 6. Nh4 Be4 7. cxd5 exd5 8. f3
Bg6 9. Nxg6 hxg6 10. Bd3 Bd6 11. f4 Qe7 12. Qe2 Nbd7 13. Nf3 Ne4 14. Bxe4 dxe4
15. Ne5 Nxe5 16. fxe5 Bb4+ 17. Bd2 Qh4+ 18. Kd1 Bxd2 19. Kxd2 O-O-O 20. Raf1
Qg5 21. Kc2 f5 22. exf6 gxf6 23. Qf2 Qb5 24. Rd1 f5 25. Qd2 Kb8 26. Kb1 a5 27.
g4 Rh3 28. gxf5 gxf5 29. Rde1 a4 30. Qe2 Qb4 31. Qf1 a3 32. Qg2 c5 33. Rc1 Rxe3
34. b3 Rxd4 35. Qg8+ Ka7 36. Qg2 Rd2 37. Qf1 Rxb3+ 0-1

[Event "Politiken Cup 2013"]
[Site "Helsingør "]
[Date "2013.07.28"]
[Round "3.78"]
[White "Smagin, Nikita"]
[Black "Rendlev, Niels Moller"]
[Result "1-0"]
[WhiteElo "2081"]
[BlackElo "1843"]
[PlyCount "81"]
[EventDate "2013.07.27"]

1. e4 e6 2. d4 d5 3. Nc3 Nf6 4. exd5 exd5 5. Bd3 Bg4 6. f3 Bh5 7. Nge2 Bg6 8.
O-O Be7 9. Re1 Bxd3 10. Qxd3 O-O 11. Bg5 c6 12. Ng3 g6 13. Re2 Bd6 14. Rae1
Nbd7 15. Nd1 Qc7 16. Bh6 Rfe8 17. Rxe8+ Rxe8 18. Rxe8+ Nxe8 19. Kf2 Bf4 20.
Bxf4 Qxf4 21. Qe3 Qxe3+ 22. Kxe3 Nb6 23. Ne2 Nd6 24. g4 g5 25. b3 f5 26. h3 Kg7
27. Nb2 Kg6 28. Nd3 Nd7 29. Ne5+ Nxe5 30. dxe5 f4+ 31. Kd4 Nb5+ 32. Kc5 Kf7 33.
a4 Nc7 34. Kd6 Ne6 35. c3 c5 36. Kxd5 b6 37. Kd6 Nd8 38. b4 Ne6 39. a5 bxa5 40.
bxa5 c4 41. Kd5 1-0

[Event "Politiken Cup 2013"]
[Site "Helsingør "]
[Date "2013.07.28"]
[Round "3.79"]
[White "Borg, Flemming"]
[Black "Jepsen, Thomas Tange"]
[Result "0-1"]
[WhiteElo "1855"]
[BlackElo "2079"]
[PlyCount "62"]
[EventDate "2013.07.27"]

1. e4 c6 2. d4 d5 3. Nd2 dxe4 4. Nxe4 Nf6 5. Nxf6+ gxf6 6. c3 Bf5 7. Ne2 Bg4 8.
Qc2 Bxe2 9. Bxe2 e6 10. Bf4 Bd6 11. Bxd6 Qxd6 12. g3 Nd7 13. O-O-O f5 14. Bf3
O-O-O 15. Qa4 Kb8 16. b4 h5 17. b5 Nb6 18. Qb3 cxb5 19. Qxb5 Rc8 20. Rd3 Qa3+
21. Qb2 Qa6 22. Be2 Qa5 23. Bf3 Rc7 24. Kb1 Na4 25. Qb3 Nxc3+ 26. Ka1 Ne4 27.
Bxe4 fxe4 28. Rdd1 Rhc8 29. Rb1 b6 30. Rb2 Rc3 31. Qb4 Rc1+ 0-1

[Event "Politiken Cup 2013"]
[Site "Helsingør "]
[Date "2013.07.28"]
[Round "3.80"]
[White "Bruun, Henrik Emil"]
[Black "Undheim, Bjarne"]
[Result "1-0"]
[WhiteElo "2078"]
[BlackElo "1838"]
[PlyCount "107"]
[EventDate "2013.07.27"]

1. e4 d5 2. exd5 Nf6 3. d4 Bg4 4. Nf3 Qxd5 5. Be2 Nc6 6. c4 Qf5 7. Be3 O-O-O 8.
Qb3 e6 9. O-O Bd6 10. Nbd2 Qh5 11. g3 Bb4 12. d5 exd5 13. cxd5 Nxd5 14. Rac1
Nxe3 15. Rxc6 Nxf1 16. Nxf1 bxc6 17. Ba6+ Kd7 18. Nd4 Qc5 19. Qxf7+ Qe7 20. Qc4
Bf3 21. Nxf3 Rdf8 22. Bb7 Bc5 23. Qg4+ Kd6 24. N1d2 Rxf3 25. Nxf3 Qf6 26. Qe4
Bxf2+ 27. Kxf2 Qxb2+ 28. Qe2 Qxb7 29. Qe5+ Kd7 30. Qxg7+ Kd6 31. Qe5+ Kd7 32.
Qg7+ Kd6 33. Qf6+ Kd5 34. Qd4+ Ke6 35. Qe5+ Kd7 36. Qxh8 Qb6+ 37. Qd4+ Kc8 38.
Qxb6 cxb6 39. Ke3 Kd7 40. Ng5 h6 41. Nf7 h5 42. Ne5+ Kd6 43. Ng6 c5 44. h4 Ke6
45. Nf4+ Kf5 46. Kf3 b5 47. Nxh5 b4 48. g4+ Ke5 49. Ke3 c4 50. Nf4 a5 51. h5
Kf6 52. Kd4 c3 53. Nd5+ Kg5 54. Nxc3 1-0

[Event "Politiken Cup 2013"]
[Site "Helsingør "]
[Date "2013.07.28"]
[Round "3.81"]
[White "Larsen, Preben R"]
[Black "Hinrichs, Jan"]
[Result "0-1"]
[WhiteElo "1836"]
[BlackElo "2072"]
[PlyCount "62"]
[EventDate "2013.07.27"]

1. e4 c5 2. Nf3 d6 3. d4 cxd4 4. Nxd4 Nf6 5. Nc3 a6 6. Be2 e6 7. Be3 Be7 8. O-O
O-O 9. Bf3 Qc7 10. Nb3 Nbd7 11. Bf4 Re8 12. Re1 e5 13. Bg5 b5 14. a3 Nb6 15.
Bxf6 Bxf6 16. Bg4 Bb7 17. Na5 Bc8 18. Nb3 Be6 19. Bxe6 fxe6 20. Nc1 Nc4 21. Nd3
Nxb2 22. Nxb5 axb5 23. Nxb2 Rec8 24. c4 bxc4 25. Rc1 c3 26. Rc2 Rxa3 27. Qd3
Bg5 28. g3 Bd2 29. Re2 cxb2 30. Rxc7 Rxc7 31. Qb5 b1=Q+ 0-1

[Event "Politiken Cup 2013"]
[Site "Helsingør "]
[Date "2013.07.28"]
[Round "3.82"]
[White "Jensen, Michael Agermose"]
[Black "Rasmussen, Henning"]
[Result "0-1"]
[WhiteElo "2066"]
[BlackElo "1835"]
[PlyCount "128"]
[EventDate "2013.07.27"]

1. e4 e6 2. d4 d5 3. Nc3 Nf6 4. e5 Nfd7 5. Nf3 c5 6. dxc5 Nc6 7. Bf4 a6 8. Bd3
Nxc5 9. Qe2 Nxd3+ 10. cxd3 Bc5 11. O-O O-O 12. Rac1 Ba7 13. Bg5 f6 14. exf6
gxf6 15. Bh4 Qe8 16. d4 Qh5 17. Bg3 Bd7 18. Qd2 Ne7 19. Rfe1 Nf5 20. Ne2 Rac8
21. Nf4 Qf7 22. Qb4 Rxc1 23. Rxc1 Rc8 24. Rxc8+ Bxc8 25. Qc3 Qd7 26. Nd3 Nxg3
27. hxg3 Qc6 28. Qd2 Qc7 29. Qh6 Qg7 30. Qf4 Bb6 31. Qc1 Qc7 32. Qh6 Qg7 33.
Qh4 Bc7 34. Nf4 Bxf4 35. Qxf4 Qe7 36. Qb8 Qd7 37. Nd2 Qc6 38. Nb3 b6 39. Qf4
Kg7 40. Qd2 Qc7 41. f4 Qc4 42. Nc1 a5 43. b3 Qc6 44. g4 Ba6 45. g5 fxg5 46.
fxg5 Qc7 47. Qe3 Kf7 48. Nd3 Bxd3 49. Qxd3 Qc1+ 50. Kh2 Qf4+ 51. g3 Qf2+ 52.
Kh1 Qf5 53. Qe3 Qe4+ 54. Qxe4 dxe4 55. Kg1 Kg6 56. Kf2 Kxg5 57. Ke3 Kf5 58. g4+
Kxg4 59. Kxe4 h5 60. Ke5 h4 61. Kxe6 h3 62. d5 h2 63. d6 h1=Q 64. d7 Qh4 0-1

[Event "Politiken Cup 2013"]
[Site "Helsingør "]
[Date "2013.07.28"]
[Round "3.83"]
[White "Nielsen, Kai Gylling"]
[Black "Jorgensen, Rasmus"]
[Result "0-1"]
[WhiteElo "1833"]
[BlackElo "2064"]
[PlyCount "52"]
[EventDate "2013.07.27"]

1. d4 g6 2. Nf3 Bg7 3. c4 Nf6 4. Nc3 O-O 5. e4 d6 6. Bd3 Nc6 7. Be3 e5 8. d5
Ne7 9. h3 Nd7 10. Qd2 Nc5 11. Bc2 a5 12. Bh6 f5 13. Bxg7 Kxg7 14. exf5 Bxf5 15.
O-O Bxc2 16. Qxc2 Rxf3 17. gxf3 Nf5 18. Ne4 Nd4 19. Qd1 Qh4 20. Kg2 Rf8 21. Ng3
Rxf3 22. b4 Nd3 23. Qxf3 Nf4+ 24. Qxf4 exf4 25. Rae1 fxg3 26. f3 Qf4 0-1

[Event "Politiken Cup 2013"]
[Site "Helsingør "]
[Date "2013.07.28"]
[Round "3.85"]
[White "Nordstrom, Hakon N"]
[Black "Segovia Sanchez, Antonio"]
[Result "0-1"]
[WhiteElo "1830"]
[BlackElo "2059"]
[PlyCount "104"]
[EventDate "2013.07.27"]

1. d4 g6 2. e4 Bg7 3. Nc3 c6 4. f4 d5 5. e5 h5 6. Nf3 Bg4 7. Be3 Nh6 8. h3 Bxf3
9. Qxf3 Nf5 10. Bf2 h4 11. Bd3 e6 12. O-O-O Nd7 13. Rde1 Bf8 14. Bxf5 gxf5 15.
g4 hxg3 16. Bxg3 Be7 17. h4 Qb6 18. Bf2 O-O-O 19. h5 Rh7 20. Reg1 Rdh8 21. Rh3
Qa5 22. Qh1 Kb8 23. Bh4 Bxh4 24. Rxh4 Qb4 25. Ne2 Qc4 26. Rg2 Qxa2 27. Nc3 Qa1+
28. Nb1 Qa5 29. h6 Nf8 30. b4 Qxb4 31. c3 Qe7 32. Rg7 Ng6 33. Rh5 Nxf4 34. Rhg5
Ng6 35. R5xg6 fxg6 36. Rxe7 Rxe7 37. Qh4 g5 38. Qxg5 Reh7 39. Nd2 Rxh6 40. Nf3
a6 41. Qe7 Rh3 42. Ng5 Rxc3+ 43. Kd2 Rg3 44. Nh7 Rh3 45. Nf8 Rg8 46. Ng6 Rh2+
47. Kc3 Rg2 48. Nf4 R8g3+ 49. Kb4 c5+ 50. Qxc5 Rb2+ 51. Ka4 Ra2+ 52. Kb4 a5+
0-1

[Event "Politiken Cup 2013"]
[Site "Helsingør "]
[Date "2013.07.28"]
[Round "3.86"]
[White "Boukhris-Ferre, Yacine"]
[Black "Frederiksen Kristian, Pade"]
[Result "1-0"]
[WhiteElo "2058"]
[BlackElo "1823"]
[PlyCount "77"]
[EventDate "2013.07.27"]

1. e4 e6 2. d4 d5 3. Nc3 Bb4 4. e5 c5 5. Qg4 Ne7 6. dxc5 Nbc6 7. Bd2 Kf8 8. Nf3
a6 9. O-O-O Bxc5 10. Bd3 Qc7 11. Qh5 Ng6 12. Rhe1 b5 13. Bxg6 fxg6 14. Qg5 Qf7
15. Be3 Be7 16. Qg3 Bd7 17. Ne2 Ke8 18. Ned4 Kd8 19. Ng5 Bxg5 20. Bxg5+ Kc7 21.
Qc3 Kb7 22. Nb3 Rhe8 23. Be3 b4 24. Qc5 Reb8 25. Qd6 Qe7 26. Bc5 Qxd6 27. Bxd6
Rd8 28. Rd3 Kc8 29. Rf3 Ra7 30. Rd1 a5 31. Nc5 a4 32. Rf7 Ra5 33. Nxe6 Bxe6 34.
Rc7+ Kb8 35. Rxc6+ Kb7 36. Rc7+ Kb6 37. Re7 Rc8 38. Rxe6 b3 39. Bb4+ 1-0

[Event "Politiken Cup 2013"]
[Site "Helsingør "]
[Date "2013.07.28"]
[Round "3.87"]
[White "Rose, Dennis Lauge"]
[Black "Stray, Gunnar"]
[Result "1/2-1/2"]
[WhiteElo "1827"]
[BlackElo "2056"]
[PlyCount "72"]
[EventDate "2013.07.27"]

1. f4 Nf6 2. Nf3 g6 3. e3 Bg7 4. d4 c5 5. c3 b6 6. Bd3 Bb7 7. O-O O-O 8. Nbd2
Qc7 9. Ne5 d6 10. Ng4 Nbd7 11. Nxf6+ Nxf6 12. Nf3 c4 13. Bc2 b5 14. Qe1 Ne4 15.
Qh4 h6 16. Nd2 f5 17. Nxe4 fxe4 18. Qg4 Bc8 19. Qxg6 Bf5 20. Qh5 Qd7 21. h3 Kh7
22. g4 Bg6 23. Qh4 e6 24. Bd2 d5 25. Bd1 Rh8 26. Qg3 a5 27. Be2 Rhg8 28. Kh2
Bf8 29. Kh1 Be7 30. Rg1 Rg7 31. Qf2 Rf8 32. Raf1 Qd8 33. Be1 b4 34. Bd1 Bd6 35.
Qg2 Rfg8 36. Qf2 Rf8 1/2-1/2

[Event "Politiken Cup 2013"]
[Site "Helsingør "]
[Date "2013.07.28"]
[Round "3.89"]
[White "Torkilseng, Runar"]
[Black "Marder, Simon"]
[Result "1/2-1/2"]
[WhiteElo "1827"]
[BlackElo "2049"]
[PlyCount "26"]
[EventDate "2013.07.27"]

1. d4 d5 2. c4 e5 3. dxe5 d4 4. Nf3 Nc6 5. g3 Nge7 6. Bg2 Ng6 7. O-O Ngxe5 8.
Nbd2 Be7 9. b3 Nxf3+ 10. Nxf3 Bf5 11. Bb2 Bf6 12. a3 O-O 13. Re1 a5 1/2-1/2

[Event "Politiken Cup 2013"]
[Site "Helsingør "]
[Date "2013.07.28"]
[Round "3.57"]
[White "Svorono, Gabriel"]
[Black "Alquist, Erik"]
[Result "0-1"]
[WhiteElo "1819"]
[BlackElo "2040"]
[PlyCount "54"]
[EventDate "2013.07.27"]

1. e4 c5 2. Nf3 d6 3. d4 cxd4 4. Nxd4 Nf6 5. Nc3 a6 6. Bg5 e6 7. f4 Qc7 8. Bxf6
gxf6 9. Qf3 b5 10. O-O-O Nd7 11. Bd3 b4 12. Nce2 Bb7 13. g4 Nc5 14. Ng3 Nxd3+
15. Rxd3 Qc5 16. Re1 O-O-O 17. Red1 Be7 18. f5 e5 19. Nb3 Qc7 20. Nf1 Qc4 21.
Nbd2 Qxa2 22. Ne3 Bf8 23. Ndc4 d5 24. Nb6+ Kb8 25. Nbxd5 Bh6 26. Rb3 a5 27.
Nxf6 Qa1# 0-1

[Event "Politiken Cup 2013"]
[Site "Helsingør "]
[Date "2013.07.28"]
[Round "3.90"]
[White "Johansson, Alexander"]
[Black "Standal, Bard"]
[Result "1-0"]
[WhiteElo "2022"]
[BlackElo "1810"]
[PlyCount "49"]
[EventDate "2013.07.27"]

1. d4 Nf6 2. Nc3 g6 3. Bg5 Bg7 4. Qd2 d6 5. O-O-O a6 6. h4 b5 7. a3 Nbd7 8. e4
h6 9. Bf4 Nh5 10. Bh2 O-O 11. g4 Nhf6 12. g5 Nh7 13. gxh6 Bh8 14. h5 g5 15. Nf3
f6 16. Rg1 e6 17. e5 Qe7 18. exf6 Bxf6 19. Ne4 Bb7 20. Nxf6+ Qxf6 21. Nxg5 Nxg5
22. Rxg5+ Kh8 23. Bd3 Qxf2 24. Rg8+ Kxg8 25. Qg5+ 1-0

[Event "Politiken Cup 2013"]
[Site "Helsingør "]
[Date "2013.07.28"]
[Round "3.91"]
[White "Tandrup, Michael"]
[Black "Andersen, Claus Nis"]
[Result "1-0"]
[WhiteElo "2018"]
[BlackElo "1806"]
[PlyCount "63"]
[EventDate "2013.07.27"]

1. d4 Nf6 2. Nf3 g6 3. g3 Bg7 4. Bg2 O-O 5. O-O d5 6. b3 Nbd7 7. Bb2 c5 8. e3
Ne4 9. Nbd2 Ndf6 10. c4 cxd4 11. Bxd4 b6 12. cxd5 Bb7 13. Nxe4 Nxe4 14. Bxg7
Kxg7 15. Qd4+ Nf6 16. e4 e6 17. dxe6 Qxd4 18. Nxd4 Bxe4 19. exf7 Rxf7 20. Rfe1
Re8 21. f3 Bb7 22. Rxe8 Nxe8 23. Re1 Nc7 24. f4 Bxg2 25. Kxg2 Rd7 26. Nf3 Kf6
27. Re2 Ne6 28. Ne5 Rc7 29. Ng4+ Kf7 30. Rd2 Nc5 31. Kf3 Nd7 32. Rxd7+ 1-0

[Event "Politiken Cup 2013"]
[Site "Helsingør "]
[Date "2013.07.28"]
[Round "3.92"]
[White "Bjorn, Lasse E"]
[Black "Spanton, Tim R"]
[Result "0-1"]
[WhiteElo "1810"]
[BlackElo "2015"]
[PlyCount "30"]
[EventDate "2013.07.27"]

1. e4 c5 2. Nf3 g6 3. d4 cxd4 4. Nxd4 Nc6 5. Nc3 Bg7 6. Be3 Nf6 7. Bc4 O-O 8.
f3 Qb6 9. Qd3 Ne5 10. Qe2 Qxb2 11. Nd1 Qb4+ 12. c3 Qxc4 13. Qd2 Nd3+ 14. Ke2
Nb4+ 15. Kf2 Nxe4+ 0-1

[Event "Politiken Cup 2013"]
[Site "Helsingør "]
[Date "2013.07.28"]
[Round "3.93"]
[White "Svedberg, Hans"]
[Black "Hansen, Tommy"]
[Result "1-0"]
[WhiteElo "2011"]
[BlackElo "1804"]
[PlyCount "55"]
[EventDate "2013.07.27"]

1. e4 c5 2. Nf3 e6 3. d4 cxd4 4. Nxd4 a6 5. Bd3 Nf6 6. O-O Qc7 7. Qe2 d6 8. c4
Nbd7 9. Nc3 Be7 10. f4 e5 11. Nf5 Bf8 12. Kh1 g6 13. Ne3 Nb6 14. fxe5 Nh5 15.
g4 Ng7 16. Ned5 Nxd5 17. Nxd5 Qc6 18. b4 dxe5 19. b5 axb5 20. cxb5 Qc5 21. Be3
Qd6 22. Nf6+ Ke7 23. Qf2 Qxd3 24. Nd5+ Kd8 25. Bb6+ Kd7 26. Qxf7+ Kd6 27. Qc7+
Ke6 28. Rf6# 1-0

[Event "Politiken Cup 2013"]
[Site "Helsingør "]
[Date "2013.07.28"]
[Round "3.96"]
[White "Satre, Mathias"]
[Black "Andreasen, Jakup A.R"]
[Result "1-0"]
[WhiteElo "1805"]
[BlackElo "2008"]
[PlyCount "63"]
[EventDate "2013.07.27"]

1. e4 c5 2. Nc3 Nc6 3. g3 g6 4. d3 Bg7 5. Bg2 d6 6. Be3 Nf6 7. h3 Qa5 8. Qd2 h6
9. Nge2 Rb8 10. O-O b5 11. f4 Bd7 12. g4 b4 13. Nd1 Qc7 14. c3 e6 15. d4 Na5
16. b3 bxc3 17. Ndxc3 c4 18. e5 Nh7 19. b4 Nb7 20. Ng3 f5 21. exf6 Nxf6 22. f5
exf5 23. gxf5 O-O 24. fxg6 Rbe8 25. Bxh6 d5 26. Bxg7 Kxg7 27. Qg5 Qb6 28. Rad1
Nd8 29. Rxf6 Ne6 30. Nh5+ Kg8 31. Rxf8+ Rxf8 32. Qe7 1-0